000
00314nam a22001337a 4500
020
_q
PB.
040
_c
FIZZA ISHAQ
082
_a
620.1123
_b
AND
100
_a
PYTEEL, ANDREW.
_9
86383
245
_a
MACHANICS OF METERIALS /
_c
ANDREW PYTEEL.
250
_a
2nd ED.
260
_a
NEW DEHLI :
_c
2012.
942
_2
ddc
_c
BK
999
_c
587301
_d
587301